000 00688nam a2200181 4500
001 137523
003 ES-MaACL
005 20230906195405.0
007 t|
008 070214s1950 sp r ||||1| spa d
100 1 _aSánchez Cantón, Francisco Javier,
_d1891-1971
_9102521
245 1 0 _aLibros, tapices y cuadros que coleccionó Isabel la Católica /
_cdiscurso pronunciado por Francisco Javier Sánchez Cantón.
260 _aMadrid :
_bConsejo Superior de Investigaciones Científicas,
_c1950.
300 _a63 p. ;
_c24 cm.
710 2 _aConsejo Superior de Investigaciones Científicas (España)
_93236
852 _aES-MaACL
_j1926-F-17
_bR.30697
999 _c137523
_d137523